<?xml version="1.0" encoding="UTF-8"?>
<collection xmlns="http://www.loc.gov/MARC21/slim">
  <record>
    <leader>00000nam  2200000   4500</leader>
    <controlfield tag="001">INLIS000000000000844</controlfield>
    <controlfield tag="005">20180724140406</controlfield>
    <controlfield tag="008">180724|||||||||   |   |||   |||| ||   | </controlfield>
    <datafield tag="035" ind1=" " ind2=" ">
      <subfield code="0">010-0718000844</subfield>
    </datafield>
    <datafield tag="041" ind1=" " ind2=" ">
      <subfield code="a">id</subfield>
    </datafield>
    <datafield tag="082" ind1=" " ind2=" ">
      <subfield code="a">057</subfield>
    </datafield>
    <datafield tag="090" ind1=" " ind2=" ">
      <subfield code="a">R 057 PIM I 2015</subfield>
    </datafield>
    <datafield tag="100" ind1=" " ind2=" ">
      <subfield code="a">Phadmanto, Rudi</subfield>
    </datafield>
    <datafield tag="245" ind1=" " ind2=" ">
      <subfield code="a">Pengintegrasian Sistem Manajemen Pengawasan Berbasis Teknologi Informasi Guna Peningkatan Kinerja Pengawasan</subfield>
    </datafield>
    <datafield tag="260" ind1=" " ind2=" ">
      <subfield code="a">Jakarta</subfield>
      <subfield code="b">LAN Jakarta</subfield>
      <subfield code="c">2015</subfield>
    </datafield>
    <datafield tag="300" ind1=" " ind2=" ">
      <subfield code="a">54 hlm.</subfield>
    </datafield>
    <datafield tag="500" ind1=" " ind2=" ">
      <subfield code="a">Pada awalnya hanyalah berupa gagasan perubahan yang di renungkan mungkin dapat dilakukan untuk meningkatkan kinerja Ittama BNPB. Ketika gagasan tadi mendapat media yang tepat yaitu pendidikan dan latihan kepemimpinan tingkat I dalam kaitannya dengan tugas yang diberikan, hal seperti itu seperti sebuah gayung yang bersambut. Ditambah ilmu yang diberikan oleh para Widyaiswara yang berpengalaman maka gagasan tadi berubah menjadi Proyek Perubahan.</subfield>
    </datafield>
    <datafield tag="650" ind1=" " ind2=" ">
      <subfield code="a">Manajemen</subfield>
    </datafield>
  </record>
</collection>
